000 00536cam a2200193ua 4500
001 4267
008 111222n ii |||gr||||Z||||||asm
040 _cMAIN
082 _a891.4513
100 1 _aSankardeva,
245 1 1 _aMahapurus sankardevar madhur galpa katha
_cby Sankaradeva
250 _a1st.
260 _aGuwahati:
_bRamesh chandra Kalita,986.
300 _a81p:
_c23cm.
653 _aAssamese short stories
653 _aMahapurus sankardevar madhur galpa katha
700 1 _aKalita, Ramesh Chandra,
_eEditor.,
942 _cBK
999 _c4088
_d4088